Možnosti komunikácie slovenských bánk na sociálnych sieťach

Potenciál sociálnych sietí. Banky a sociálne siete, nevýhody. Zásady komunikácie na sociálnych sieťach. Možnosti komunikácie na sociálnych sieťach. Budúcnosť sociálnych sietí.

Enregistré dans:
Détails bibliographiques
Auteur principal: Smolková, Marína
Format: Chapitre de livre
Langue:slovaque
Sujets:
Tags: Ajouter un tag
Pas de tags, Soyez le premier à ajouter un tag!

MARC

LEADER 00000nla$a2200000$$$4500
001 0147912
005 20240502072652.3
041 0 |a slo 
044 |a SK 
245 1 0 |a Možnosti komunikácie slovenských bánk na sociálnych sieťach  |c Marína Smolková 
520 |a Potenciál sociálnych sietí. Banky a sociálne siete, nevýhody. Zásady komunikácie na sociálnych sieťach. Možnosti komunikácie na sociálnych sieťach. Budúcnosť sociálnych sietí. 
610 2 0 |a banky 
610 2 0 |a siete sociálne 
610 2 0 |a Slovensko 
100 1 |a Smolková, Marína